| 000 | 01482nam a22003137i 4500 | ||
|---|---|---|---|
| 003 | DO-SdBNP | ||
| 005 | 20240215091221.0 | ||
| 006 | a||||fr|||| 00| 0 | ||
| 007 | ta | ||
| 008 | 240117e1914 dr ||||| m||| 00| 0 spa d | ||
| 040 |
_aDO-SdBNP _bspa _cBNPHU _erda |
||
| 082 |
_222 _bL789i |
||
| 100 | 1 |
_aLizardo E., R. Augusto _984794 _eautor |
|
| 110 |
_aInstituto Profesional de Santo Domingo. _bFacultad Farmacia _984795 |
||
| 245 | 1 | 0 |
_aImportancia del permanganato potásico en química analítica / _baño académico de 1913 a 1914, tesis no. 10 para la Licenciatura / _cR. Augusto Lizardo E. |
| 246 | 1 | 3 | _aTesis para la licenciatura |
| 264 |
_aSanto Domingo : _bImprenta Escobar i Cía _c1914 |
||
| 300 |
_a23,[4] páginas ; _c23 cm. |
||
| 336 |
_2rdacontent _atexto _btxt |
||
| 337 |
_2rdamedia _asin mediación _bn |
||
| 338 |
_2rdacarrier _avolumen _bnc |
||
| 500 | _aArt. 16 del reglamento interior del Instituto Profesional. En el examen final, el actuante está obligado á responder á todas las preguntas i observaciones del Jurado Examinador que directa é indirectamente se relaciona con su tesis. | ||
| 500 | _aTesis para la Licenciatura. Jurado Examinador: Prof. J. G. Obregón García / Catedrático. Vocales: Prof. Rafael Delgado Tejera / Catedrático, Prof. Álvaro Logroño / Catedrático. | ||
| 504 | _aBibliografía: página 27 | ||
| 505 |
_a _g |
||
| 590 | _aInventariado, 2024 /LP | ||
| 910 | _alopérez | ||
| 942 |
_2ddc _cLF2 |
||
| 999 |
_c55713 _d55713 |
||